A Handbook for Scholars
A Handbook for Scholars also provides lively direction on a variety of usage and style questions, covering such topics as word choice, writing introductions and abstracts, capitalization, paragraphing, and the scholar's old nemesis, pedantry. It also offers advice on dealing with typists, edito...
Na minha lista:
| Autor principal: | |
|---|---|
| Formato: | Livro |
| Idioma: | Undetermined |
| Publicado em: |
New York
Alfred A. Knopf
1978
|
| Assuntos: | |
| Tags: |
Adicionar Tag
Sem tags, seja o primeiro a adicionar uma tag!
|
| Thư viện lưu trữ: | Trung tâm Học liệu Trường Đại học Cần Thơ |
|---|
| LEADER | 00954nam a2200205Ia 4500 | ||
|---|---|---|---|
| 001 | CTU_218179 | ||
| 008 | 210402s9999 xx 000 0 und d | ||
| 020 | |c 10 | ||
| 082 | |a 808.42 | ||
| 082 | |b L653 | ||
| 100 | |a Leunen, Mary-Claire van | ||
| 245 | 2 | |a A Handbook for Scholars | |
| 245 | 0 | |c Mary-Claire van Leunen | |
| 260 | |a New York | ||
| 260 | |b Alfred A. Knopf | ||
| 260 | |c 1978 | ||
| 520 | |a A Handbook for Scholars also provides lively direction on a variety of usage and style questions, covering such topics as word choice, writing introductions and abstracts, capitalization, paragraphing, and the scholar's old nemesis, pedantry. It also offers advice on dealing with typists, editors, and printers, a handy "how to" section on creating academic CVs, and new chapters on computerized manuscript preparation. | ||
| 650 | |a Authorship,Quyền tác giả | ||
| 904 | |i Trúc | ||
| 980 | |a Trung tâm Học liệu Trường Đại học Cần Thơ | ||